REAL MADRYT - Statystyki

Ogólne statystyki
  • Ten quiz został rozwiązany 150 razy
    118 od ostatniego zresetowania
  • Średni wynik to 5 z 8
Statystyki odpowiedzi
Hint Odpowiedź % Poprawnych
Ile Real Madrytma lig mistrzów 15
100%
Rok powstania 1902
72%
Ile razy zwyciężyłW la lidze 36
71%
Ile ma pucharówkróla 20
67%
Trener CarloAncelotti
62%
Ile razy Real wygrałEl clasico 105
57%
Prezes klubu Florentino Perez
54%
Debiut w la lidze(Rok) 1922
43%
Nie znaleziono quizów pasujących do podanych kryteriów
Rozkład punktacji
Procent ludzi z każdym wynikiem
Percentyl według liczby udzielonych odpowiedzi
Twoja historia wyników
Nie rozwiązałeś tego quizu od ostatniego zresetowania